[Event "4th Beirut Open"]
[Site "Beirut LIB"]
[Date "2011.05.20"]
[Round "7.5"]
[White "Khairallah,F"]
[Black "Eid,Fa"]
[Result "1/2-1/2"]
[WhiteElo "2273"]
[BlackElo "2378"]

1.d4 Nf6 2.c4 Nc6 3.Nf3 e6 4.Nc3 Bb4 5.Qb3 a5 6.a3 a4 7.Qc2 Bxc3+ 8.Qxc3 d6
9.g3 O-O 10.Bg2 Qe7 11.O-O e5 12.dxe5 dxe5 13.Bg5 Re8 14.Bxf6 gxf6 15.Qe3 Be6
16.Rac1 Red8 17.Qh6 Ra6 18.e3 Rb6 19.Nh4 f5 20.Bh3 f4 21.Bf5 f6 22.gxf4 Bxf5
23.Nxf5 Qf8 24.Qh4 Kh8 25.Nh6 exf4 26.Kh1 Ne5 27.exf4 Ng6 28.Qh5 f5 29.c5 Rf6
30.Rcd1 Nxf4 31.Rxd8 Nxh5 32.Rxf8+ Rxf8 33.Rg1 Ng7 34.Rd1 Ne6 35.Rd7 Nxc5
36.Rxc7 b6 37.Kg2 Rf6 38.Nf7+ Kg7 39.Ne5+ Kh6 40.Kf3 Ne6 41.Rg7 Nc5 42.Kf4 Ne6+
43.Kg3 Nc5 44.Kf4 Ne6+ 45.Kg3 Nc5 46.f4 Rf8 47.Rc7 Re8 48.h4 Rg8+ 49.Kf3 Rg7
50.Rc6+ Kh5 51.Rf6 Rg3+ 52.Ke2 Rb3 53.Rxf5+ Kxh4 54.Rf7 Rxb2+ 55.Ke3 Rb3+
56.Kd4 h5 57.Rf6 Rb1 58.Rg6 Kh3 59.f5 Rf1 60.f6 Ne6+ 61.Ke4 Nc5+ 62.Ke3 Rf5
63.Kd4 Ne6+ 64.Ke4 Rf4+ 65.Kd5 Nf8 66.Rh6 h4 67.f7 Kg2 68.Rh8 h3 69.Rxf8 h2  1/2-1/2

[Event "20th Croatian Cup"]
[Site "Sibenik CRO"]
[Date "2011.05.21"]
[Round "5.94"]
[White "Ghersinich,G"]
[Black "Deur,Z"]
[Result "1-0"]
[WhiteElo "1898"]
[BlackElo "2140"]

1.d4 Nf6 2.c4 Nc6 3.Nf3 e6 4.Nc3 Bb4 5.Bg5 h6 6.Bh4 g5 7.Bg3 Ne4 8.Qc2 Nxg3
9.hxg3 g4 10.d5 gxf3 11.dxc6 fxe2 12.Bxe2 dxc6 13.Rd1 Qf6 14.Rd3 Bxc3+ 15.Rxc3 e5
16.Rf3 Qg5 17.Re3 Be6 18.Rh5 Qf6 19.Rhxe5 O-O-O 20.Qa4 Kb8 21.f4 Qg6 22.Ra5 Qb1+
23.Kf2 a6 24.Rxa6 bxa6 25.Qxa6 Bxc4 26.Bxc4 Rd2+ 27.Be2 Rxb2 28.Ra3 Rxe2+
29.Qxe2 Qc1 30.Rb3+ Kc8 31.Qa6+ Kd7 32.Qd3+ Kc8 33.Qf5+ Kd8 34.Qf6+ Kd7 35.Rd3+ Kc8
36.Qxh8+ Kb7 37.Rb3+ Ka6 38.Qa8+  1-0

[Event "XXX Zalakaros Open"]
[Site "Zalakaros HUN"]
[Date "2011.05.21"]
[Round "2"]
[White "Varga,Zo"]
[Black "Frink,F"]
[Result "1-0"]
[WhiteElo "2457"]
[BlackElo "2264"]

1.d4 Nf6 2.c4 Nc6 3.Nc3 e5 4.d5 Ne7 5.Nf3 Ng6 6.h4 h5 7.Bg5 Bc5 8.e3 d6 9.Bd3 Ne7
10.Bxf6 gxf6 11.Ne4 Ng8 12.Nfd2 Bb6 13.Ng3 Bg4 14.Be2 Nh6 15.Nxh5 Bxh5 16.Bxh5 Qd7
17.Ne4 O-O-O 18.Nxf6 Ba5+ 19.Kf1 Qe7 20.Qf3 Kb8 21.g3 e4 22.Nxe4 Qe5 23.Rb1 c6
24.Ng5 Rdf8 25.Qf4 Qe7 26.dxc6 f5 27.c5 Bc7 28.Qb4 b6 29.cxb6 Bxb6 30.a4 Ng4
31.a5 Rxh5 32.axb6 Ne5 33.c7+ Kc8 34.bxa7 Kxc7 35.Rc1+ Nc6 36.Qb5 Qe8 37.Ne6+  1-0

[Event "XXVI Felix Cup"]
[Site "Baile Felix ROU"]
[Date "2011.05.22"]
[Round "4.11"]
[White "Secheres,Ad"]
[Black "Varga,Kl"]
[Result "1-0"]
[WhiteElo "1898"]
[BlackElo "2159"]

1.d4 Nf6 2.c4 Nc6 3.Nf3 e6 4.g3 Bb4+ 5.Bd2 Qe7 6.Nc3 O-O 7.Bg2 d6 8.O-O a5
9.Qc2 Bxc3 10.Bxc3 e5 11.e4 Bg4 12.d5 Bxf3 13.Bxf3 Nb8 14.Bg2 Nbd7 15.f4 exf4
16.gxf4 Ng4 17.Rae1 f5 18.h3 Nh6 19.e5 dxe5 20.fxe5 Qc5+ 21.Qf2 Qxc4 22.Rc1 Qb5
23.Bd4 Rac8 24.Qf4 Qb4 25.e6 Nf6 26.Bxf6 Rxf6 27.Qxb4 axb4 28.d6 Kf8 29.Bxb7 Rg6+
30.Kh1 Re8 31.dxc7  1-0

[Event "Orlova Open"]
[Site "Orlova CZE"]
[Date "2011.05.28"]
[Round "8.19"]
[White "Maroszczyk,W"]
[Black "Klima,Martin"]
[Result "1/2-1/2"]
[WhiteElo "1950"]
[BlackElo "1650"]

1.d4 Nf6 2.c4 Nc6 3.Nf3 e6 4.e3 d5 5.Nc3 Bb4 6.Qc2 Ne4 7.Bd3 Nf6 8.O-O dxc4
9.Bxc4 O-O 10.Rd1 a6 11.e4 Na5 12.Bd3 h6 13.e5 Nd5 14.Nxd5 exd5 15.h3 Nc6
16.Be3 Ba5 17.a3 Bb6 18.Rac1 Ne7 19.Rf1 Bd7 20.a4 Nc6 21.Qd1 Nb4 22.Bb1 Qe7
23.Bd2 Nc6 24.Qc2 f5 25.exf6 Qxf6 26.Qh7+ Kf7 27.Rxc6 Bxc6 28.Bg6+ Ke6 29.Re1+ Kd7
30.Ne5+ Kc8 31.Ng4 Qxd4 32.Bc3 Qc4 33.Bf5+ Kb8 34.Bxg7 Ka7  1/2-1/2

[Event "3rd Orissa Open"]
[Site "Bhubaneswar IND"]
[Date "2011.05.31"]
[Round "5"]
[White "Aleksandrov,A"]
[Black "Himanshu,Sh"]
[Result "1-0"]
[WhiteElo "2628"]
[BlackElo "2414"]

1.d4 Nf6 2.c4 Nc6 3.Nc3 e5 4.d5 Ne7 5.a3 Ng6 6.h4 h5 7.Nf3 a5 8.e3 d6 9.Bd3 Ne7
10.e4 Bg4 11.Qa4+ Qd7 12.Qb3 Qc8 13.Ng5 Nd7 14.Na4 Nc5 15.Nxc5 dxc5 16.Be2 Ng6
17.Bxg4 hxg4 18.g3 Bd6 19.f3 Nf8 20.fxg4 f6 21.Nh3 Qxg4 22.Nf2 Qc8 23.a4 g6
24.Bd2 b6 25.Qf3 Nh7 26.Ng4 Rf8 27.O-O-O Qd7 28.b3 O-O-O 29.Bc3 Rde8 30.Rdf1 Kb8
31.Ne3 Rg8 32.Rf2 Ref8 33.Rhf1 Ka7 34.Kb2 Rh8 35.Qe2 Rhg8 36.Ng4 Qd8 37.Ka3 Kb7
38.Bd2 Be7 39.Nh6 Rg7 40.g4 g5 41.Nf5 Rgg8 42.Rh2 Bd6 43.Rfh1 gxh4 44.Rxh4 Ng5
45.Bxg5 Rxg5 46.Rh7 Kb8 47.Qf3 Rg6 48.Ng7 Rg8 49.Ne6 Qe8 50.R1h4 Be7 51.Qf5 Kb7
52.g5 fxg5 53.Qxe5 Rxe6 54.Qxe6 gxh4 55.Rxe7 Qg6 56.Qxg6 Rxg6 57.Rh7 Rg4
58.e5 Re4 59.e6 Kc8 60.Rh8+ Kb7 61.Kb2 h3 62.Rxh3 c6 63.Rh7+ Kc8 64.Ra7 Kd8
65.Rd7+ Ke8 66.Kc3 Re3+ 67.Kc2 cxd5 68.cxd5 Kf8 69.Rd6 Ke7 70.Rxb6 Re5 71.Rb7+ Ke8
72.Rd7 Re3 73.Rc7  1-0

[Event "1st Forni Open"]
[Site "Forni di Sopra ITA"]
[Date "2011.06.12"]
[Round "1"]
[White "Varini,M"]
[Black "Arnaudov,G"]
[Result "0-1"]
[WhiteElo "2084"]
[BlackElo "2449"]

1.d4 Nf6 2.c4 Nc6 3.Nc3 e5 4.e3 Bb4 5.Ne2 exd4 6.Nxd4 O-O 7.Be2 Qe7 8.O-O Bxc3
9.bxc3 d6 10.Rb1 Ne5 11.Qc2 c5 12.Nf5 Qe6 13.e4 Nxe4 14.Nxg7 Qg6 15.Nh5 Bf5
16.Nf4 Qg7 17.Nh5 Ng3 18.Qxf5 Nxe2+ 19.Kh1 Qg6 20.Qh3 Qxb1 21.Nf6+ Kh8 22.f4 Qd3
23.g3 Ng4 24.Nxg4 Qe4+ 25.Qg2 Qxg2+ 26.Kxg2 Nxc1 27.Rxc1 Rae8 28.Kf3 f5 29.Ne3 Re6
30.Rd1 Kg8 31.Rd5 Ref6 32.h3 h5 33.Rd2 R8f7 34.Rd5 Kf8 35.a4 Ke8 36.a5 Kd7
37.Rd2 Kc6 38.Nd5 Re6 39.Ne3 Rf8 40.Rd5 Ref6 41.Ng2 Re8 42.Ne3 Re4 43.g4 hxg4+
44.hxg4 Rxc4 45.Rxf5 Rxf5 46.Nxc4 Rf8 47.g5 d5 48.Ne5+ Kd6 49.Kg4 c4 50.Nf3 b5
51.axb6 a5 52.Nd4 a4 53.g6 a3 54.Kg5 a2 55.Nc2 Ke7 56.b7 Rb8 57.f5 Rxb7 58.f6+ Kf8
59.Kf5 Rb2 60.Nd4 Rf2+ 61.Ke6 a1=Q  0-1

[Event "TCh-SLO"]
[Site "Lasko SLO"]
[Date "2011.06.12"]
[Round "9"]
[White "Brusnjak,Saso"]
[Black "Kos,T"]
[Result "0-1"]
[WhiteElo "2083"]
[BlackElo "2314"]

1.d4 Nf6 2.c4 Nc6 3.Nc3 d6 4.e4 e5 5.d5 Ne7 6.Be2 Ng6 7.Be3 Be7 8.Qd2 O-O
9.O-O-O Ng4 10.Bxg4 Bxg4 11.f3 Bd7 12.g4 a6 13.Nge2 b5 14.Ng3 h6 15.Nf5 Bg5
16.Qf2 Bxe3+ 17.Qxe3 bxc4 18.h4 Nf4 19.Rdg1 Rb8 20.Rh2 Kh7 21.Kb1 g6 22.Ng3 Rb4
23.Nge2 Nd3 24.Nc1 Nc5 25.a3 Rb6 26.f4 exf4 27.Qxf4 Qe7 28.Rf1 Rbb8 29.g5 h5
30.Rhf2 Rbe8 31.Qxf7+ Rxf7 32.Rxf7+ Qxf7 33.Rxf7+ Kg8 34.Rf4 Nxe4 35.Nxe4 Rxe4
36.Rxe4 Bf5 37.Kc2 Bxe4+ 38.Kc3 Bxd5 39.Ne2 c5 40.Nf4 Bf7 41.Kd2 Kf8 42.Ke3 d5
43.Ne2 Ke7 44.Kf4 Kd6 45.Nc3 Be6 46.Na4 d4 47.Nb6 Kc6  0-1

[Event "49th National Challengers ch-IND"]
[Site "Aurangabad IND"]
[Date "2011.06.17"]
[Round "3"]
[White "Swapnil,SD"]
[Black "Ram,S"]
[Result "1-0"]
[WhiteElo "2425"]
[BlackElo "2293"]

1.d4 Nf6 2.c4 Nc6 3.Nf3 e6 4.g3 d5 5.cxd5 exd5 6.Bg2 Bb4+ 7.Bd2 a5 8.O-O Bxd2
9.Nbxd2 O-O 10.Rc1 Re8 11.Nb3 Ne7 12.Nc5 Nf5 13.Ne5 c6 14.e3 Nd6 15.Qb3 Re7
16.Rfe1 Nfe4 17.Nxe4 dxe4 18.Qc2 Be6 19.Bf1 a4 20.Nc4 Nf5 21.b3 axb3 22.axb3 Bd5
23.Ra1 Rxa1 24.Rxa1 f6 25.Qa2 b5 26.Qa5 Qxa5 27.Nxa5 Ra7 28.b4 Kf8 29.Rc1 Ra6
30.Be2 Ke7 31.h4 Nd6 32.Kg2 Kd7 33.g4 Kc7 34.Kg3 Kb6 35.Rc5 g5 36.hxg5 fxg5
37.Rc1 Ra7 38.Rc5 Ra6 39.Rc3 Nb7 40.Nxb7 Kxb7 41.Rc5 Ra4 42.Bxb5 Rxb4 43.Be2 Rb2
44.Bc4 Bxc4 45.Rxc4 Rb5 46.Rc1 c5 47.dxc5 Kc6 48.Rc4 Kd5 49.Rd4+ Ke5 50.Rc4 Kd5
51.Rd4+ Ke5 52.Rd7 Rxc5 53.Re7+ Kd5 54.Rxh7 Ke6 55.Rh6+ Kf7 56.Rd6 Re5 57.Rd4 Kf6
58.Ra4 Re6 59.Kg2 Re5 60.Kf1 Re8 61.Ke2 Re6 62.Kd2 Kg6 63.Kc3 Rc6+ 64.Kd4 Rc2
65.Ra6+ Kg7 66.Ra5 Rxf2 67.Rxg5+ Kf6 68.Rg8 Kf7 69.Rg5 Kf6 70.Re5 Rg2 71.Rf5+ Kg6
72.Rf4 Kg5 73.Kxe4 Rg1 74.Kd3 Rg2 75.Ra4 Rg1 76.Ra8 Kh6 77.Rh8+ Kg7 78.Rh4 Kg6
79.Ke2 Kg5 80.Rh8 Ra1 81.Rg8+ Kf6 82.Kf2 Ra3 83.Kf3 Ra1 84.Rf8+ Kg6 85.Rg8+ Kf6
86.Kf4 Rf1+ 87.Ke4 Rg1 88.Rf8+ Kg6 89.Ke5 Kg7 90.Rf4 Ra1 91.Rd4 Kg6 92.Rd8 Kf7
93.e4 Ra5+ 94.Kf4 Kf6 95.e5+ Ke6 96.Rd6+ Ke7 97.g5 Ra1 98.Kf5 Rf1+ 99.Kg6 Re1
100.Rd5 Ke6 101.Ra5 Rg1 102.Kh6 Kf5 103.Ra2 Kxe5 104.Rf2 Ke6 105.g6 Ke7 106.g7 Rh1+
107.Kg6 Rg1+ 108.Kh7 Rh1+ 109.Kg8 Rg1 110.Re2+ Kd7 111.Rh2 Ke7 112.Kh7  1-0

[Event "49th National Challengers ch-IND"]
[Site "Aurangabad IND"]
[Date "2011.06.18"]
[Round "4"]
[White "Ravi,TeS"]
[Black "Himanshu,Sh"]
[Result "1-0"]
[WhiteElo "2166"]
[BlackElo "2414"]

1.d4 Nf6 2.c4 Nc6 3.Nf3 e6 4.Nc3 Bb4 5.Qc2 d6 6.g3 O-O 7.Bg2 e5 8.d5 Nb8
9.Bd2 a5 10.O-O Nbd7 11.a3 Bxc3 12.Bxc3 a4 13.Bb4 b6 14.Nd2 Nc5 15.Rae1 Ng4
16.e4 Bd7 17.h3 Nh6 18.Kh2 Qe7 19.Bc3 f6 20.f4 Nf7 21.Rf3 Rfc8 22.Bf1 c6
23.f5 Rab8 24.h4 Nh6 25.Kh3 Kh8 26.g4 g6 27.Rg3 cxd5 28.cxd5 Nxe4 29.Qxe4 gxf5
30.Qb4 Rg8 31.Kg2 Rxg4 32.Rxg4 Nxg4 33.Kf3 b5 34.Nc4 Qg7 35.Nxd6 Nh2+ 36.Ke2 Rg8
37.Kd1 Nxf1 38.Rxf1 Qg2 39.Re1 Qxd5+ 40.Kc1 Be6 41.Nxb5 Qd8 42.Rd1 Qf8 43.Qxa4 Rg4
44.Qa5 Bb3 45.Re1 f4 46.Qb6 f3 47.Rf1 Rxh4 48.Nd6 Bd5 49.Rd1 Be6 50.Nf5 Bxf5
51.Rd8 Qxd8 52.Qxd8+ Kg7 53.Bxe5 Rh1+ 54.Kd2 fxe5 55.Qg5+ Bg6 56.Qxe5+ Kf7
57.Qd5+ Ke7 58.Qxf3 Rb1 59.Kc3 Ra1 60.Kb4 Kd6 61.Kb5 Be8+ 62.Kb6 h5 63.b3 Ra2
64.a4  1-0

[Event "1st Forni Open"]
[Site "Forni di Sopra ITA"]
[Date "2011.06.18"]
[Round "9"]
[White "Banusz,T"]
[Black "Arnaudov,G"]
[Result "1/2-1/2"]
[WhiteElo "2555"]
[BlackElo "2449"]

1.d4 Nf6 2.c4 Nc6 3.Nf3 e6 4.Nc3 Bb4 5.Qc2 d6 6.Bg5 h6 7.Bd2 O-O 8.a3 Bxc3
9.Bxc3 Qe7 10.e3 a5 11.b3 e5 12.d5 Nb8 13.Nd2 c6 14.e4 Bd7 15.Be2 Rc8 16.O-O b5
17.Qd3 cxd5 18.cxd5 Qd8 19.Qe3 Qc7 20.Rac1 Qa7 21.Qd3 Na6 22.b4 axb4 23.axb4 Rc7
24.Ra1 Rac8 25.Ra3 Nc5 26.bxc5 Qxa3 27.c6 Bxc6 28.dxc6 Rxc6 29.Ba1 b4 30.Qxa3 bxa3
31.Bd3 Rc1 32.Nb3 R1c3 33.Bxc3 Rxc3 34.Nc1 a2 35.Nxa2 Rxd3 36.f3 Rd2 37.Nc3 Rc2
38.Nd1 Rc1 39.Ne3 Rxf1+ 40.Kxf1 h5 41.Nf5 d5 42.Ne7+ Kf8 43.Nc6 dxe4 44.Nxe5 exf3
45.Nxf3 Ke7 46.Kf2 Nd5 47.h3 f5 48.h4 Kf6 49.g3 g6 50.Ng5 f4 51.gxf4 Kf5
52.Kf3 Nxf4 53.Ne4 Ne6 54.Nd6+ Ke5 55.Nf7+ Kf6 56.Nd6 Nd4+ 57.Kf4 Ne2+ 58.Ke3 Nc1
59.Kf4 Nd3+ 60.Ke3 Nb4 61.Kf4 Nd5+ 62.Ke4 Ke6 63.Nc4 Ne7 64.Kf4 Kf6 65.Nd6 Nf5
66.Ne4+ Kg7 67.Kg5 Nd4 68.Kf4 Kh6 69.Nd6 Kg7 70.Ne4 Nf5 71.Kg5 Kf7 72.Nf2 Nd6
73.Kf4 Kg7 74.Ne4 Nf7 75.Ng5 Nxg5 76.Kxg5  1/2-1/2

[Event "TCh-CZE-SLO w Extraliga"]
[Site "Orlova CZE"]
[Date "2011.06.18"]
[Round "6"]
[White "Vlckova,Katerina"]
[Black "Edes,Z"]
[Result "0-1"]
[WhiteElo "1715"]
[BlackElo "2043"]

1.d4 Nf6 2.c4 Nc6 3.Nf3 e6 4.a3 d6 5.Nc3 g6 6.Bg5 Bg7 7.g3 h6 8.Bf4 Qe7 9.Bg2 O-O
10.O-O e5 11.Be3 exd4 12.Nxd4 Ne5 13.Qb3 c6 14.Rad1 Nfd7 15.Nf3 Nxf3+ 16.exf3 Ne5
17.Ne4 Rd8 18.Nxd6 Rxd6 19.Bc5 Rd3 20.Rxd3 Qxc5 21.Rd8+ Kh7 22.Qe3 Qxe3 23.fxe3 Nxc4
24.Kf2 Nb6 25.e4 Bxb2 26.Rfd1 Bxa3 27.R1d3 Bc5+ 28.Ke2 Be6 29.Rxa8 Nxa8 30.Kd1 a5
31.f4 a4 32.Kc1 Nc7 33.h3 h5 34.Bf1 Bb4 35.Kb1 b5 36.Bg2 c5  0-1

[Event "49th National Challengers ch-IND"]
[Site "Aurangabad IND"]
[Date "2011.06.21"]
[Round "8"]
[White "Sangma,R"]
[Black "Ram,S"]
[Result "1/2-1/2"]
[WhiteElo "2367"]
[BlackElo "2293"]

1.d4 Nf6 2.c4 Nc6 3.Nf3 e6 4.a3 d6 5.Nc3 g6 6.d5 Ne7 7.e4 Bg7 8.dxe6 Bxe6
9.Be2 O-O 10.O-O h6 11.Qc2 Nd7 12.Be3 f5 13.Nd4 Bxd4 14.Bxd4 c5 15.Be3 f4
16.Bd2 Nc6 17.f3 Nd4 18.Qd1 Qb6 19.Rb1 Qa6 20.Nb5 Ne5 21.b3 Rf7 22.Bc3 Nxb5
23.cxb5 Qb6 24.a4 Qc7 25.Qc2 Rff8 26.Rfd1 Rad8 27.Bxe5 dxe5 28.Bc4 Bxc4 29.Qxc4+ Kg7
30.b4 Rxd1+ 31.Rxd1 Rd8 32.Rd5 Rxd5 33.exd5 b6 34.a5 Kf6 35.h4 Ke7 36.bxc5 bxc5
37.b6 axb6 38.a6 Kd6 39.Qa4 b5 40.Qxb5 Kxd5 41.Qb7+ Kd6 42.Qb5 c4 43.Kh2 h5
44.Qa4 Qc6 45.Qb4+ Ke6 46.a7 c3 47.Qf8 c2 48.Qg7 c1=Q 49.Qxg6+ Kd5 50.Qg8+ Kd6
51.Qd8+ Ke6 52.a8=Q Qxa8 53.Qxa8 Qe1  1/2-1/2

[Event "ch-Commonwealth RSA-Open"]
[Site "Ekurhuleni RSA"]
[Date "2011.06.24"]
[Round "9"]
[White "Sachdev,T"]
[Black "Van Rensburg,R"]
[Result "1/2-1/2"]
[WhiteElo "2416"]
[BlackElo "2097"]

1.d4 Nf6 2.c4 Nc6 3.Nf3 e6 4.g3 Bb4+ 5.Bd2 Qe7 6.Nc3 O-O 7.Bg2 Bxc3 8.Bxc3 d6
9.d5 Nb8 10.O-O e5 11.b4 Nbd7 12.Rc1 b6 13.Nd2 a5 14.a3 axb4 15.axb4 Bb7
16.Nb3 Ra2 17.Rc2 Rfa8 18.Rxa2 Rxa2 19.c5 bxc5 20.bxc5 Nxc5 21.Nxc5 dxc5
22.Qb3 Ra7 23.Ra1 Rxa1+ 24.Bxa1 Ba6 25.Qb8+ Qe8 26.Qxc7 Bxe2 27.Bxe5 Nd7
28.Bc3 Qb8 29.Qxb8+ Nxb8 30.Bh3 Bb5 31.Kg2 Bc4 32.d6 Be6 33.Bxe6 fxe6 34.Kf3 Kf7
35.Ke4 Nd7 36.f4 g6 37.Kd3 Ke8 38.Kc4 Nb8 39.Kxc5 Kd7 40.Ba5 Nc6 41.Bc7 e5
42.Kd5 exf4 43.gxf4 Nb4+ 44.Ke5 Nd3+  1/2-1/2

[Event "19th Albena Open"]
[Site "Albena BUL"]
[Date "2011.06.25"]
[Round "1.23"]
[White "Popa,Ma"]
[Black "Arnaudov,G"]
[Result "0-1"]
[WhiteElo "1894"]
[BlackElo "2449"]

1.d4 Nf6 2.c4 Nc6 3.Nc3 e5 4.d5 Ne7 5.e4 Ng6 6.Be3 Bb4 7.f3 Bxc3+ 8.bxc3 d6
9.Qd2 O-O 10.Bd3 Nh5 11.Ne2 f5 12.exf5 Bxf5 13.Bxf5 Rxf5 14.g4 Rxf3 15.gxh5 Qh4+
16.Ng3 Rxg3 17.O-O-O Rxe3 18.Qxe3 Qxh5 19.Rdf1 Qh4 20.Qe2 Nf4 21.Qe4 Rf8
22.Kc2 b6 23.Rf3 Rf6 24.h3 h5 25.Kb3 Ne6  0-1

[Event "6th Dvorkovich Cup"]
[Site "Moscow RUS"]
[Date "2011.07.01"]
[Round "9.5"]
[White "Bernadskiy,V"]
[Black "Iskandarov,M"]
[Result "1-0"]
[WhiteElo "2435"]
[BlackElo "2253"]

1.d4 Nf6 2.c4 Nc6 3.Nf3 e6 4.Nc3 Bb4 5.Qc2 O-O 6.a3 Bxc3+ 7.Qxc3 Ne4 8.Qd3 f5
9.g3 d6 10.Bg2 e5 11.dxe5 dxe5 12.Qxd8 Rxd8 13.O-O Be6 14.b3 Nc5 15.Rb1 e4
16.Ng5 Nd4 17.b4 Na4 18.Nxe6 Nxe6 19.Re1 Rd4 20.c5 Rc4 21.Be3 Rd8 22.Rbc1 Rc3
23.Rxc3 Nxc3 24.Kf1 Nd5 25.Bd2 Nd4 26.g4 g6 27.gxf5 gxf5 28.Bh3 f4 29.Rd1 Kf7
30.Bg2 f3 31.exf3 exf3 32.Bh1 c6 33.Bg5 Rg8 34.Rxd4 Rxg5 35.Bxf3 Nf6 36.Rd8 Ke6
37.Ra8 a6 38.Ra7 Rf5 39.Bg2 Ng4 40.Bh3 Rxf2+ 41.Ke1 Rf4 42.Rxb7 Kd5 43.Bxg4 Rxg4
44.Rxh7 a5 45.Rh5+ Kc4 46.bxa5 Kb5 47.Kf2 Ra4 48.h4 Rxa3 49.Rf5 Rh3 50.h5 Kxa5
51.Kg2 Rh4 52.Kg3 Rh1 53.Kg4 Kb4 54.Kg5  1-0

[Event "19th Albena Open"]
[Site "Albena BUL"]
[Date "2011.07.03"]
[Round "9.32"]
[White "Shishkov,M"]
[Black "Osman,Mi"]
[Result "1-0"]
[WhiteElo "2286"]
[BlackElo "2134"]

1.d4 Nf6 2.c4 Nc6 3.Nf3 d6 4.Nc3 g6 5.d5 Nb8 6.g3 Bg7 7.Bg2 O-O 8.Nd4 e5
9.dxe6 fxe6 10.O-O c6 11.e4 e5 12.Nde2 Be6 13.b3 a6 14.a4 c5 15.Bg5 Nc6 16.Nd5 Bxd5
17.cxd5 Nd4 18.Nxd4 exd4 19.Bh3 h6 20.Be6+ Kh7 21.Bxf6 Qxf6 22.f4 d3 23.Qxd3 Qd4+
24.Qxd4 Bxd4+ 25.Kg2 Bxa1 26.Rxa1 b5 27.a5 Ra7 28.Rc1 Rc7 29.e5 Rd8 30.Kf3 Kg7
31.Ke4 Kf8 32.exd6 Rxd6 33.Ke5 Ke7 34.g4 Rxe6+ 35.dxe6 c4 36.b4 c3 37.f5 Rc4
38.f6+ Ke8 39.Rc2  1-0

[Event "TCh-TUR 2nd League 2011"]
[Site "Konya TUR"]
[Date "2011.07.04"]
[Round "1"]
[White "Tunur,M"]
[Black "Yigitoglu,A"]
[Result "1-0"]
[WhiteElo "2084"]
[BlackElo "1868"]

1.d4 Nf6 2.c4 Nc6 3.Nc3 e5 4.d5 Ne7 5.Nf3 Ng6 6.a3 a5 7.h4 Ng4 8.h5 Ne7 9.Bg5 f6
10.Bd2 c6 11.e4 Qb6 12.Qe2 d6 13.Rb1 c5 14.g3 Ng8 15.Bh3 g6 16.Bxg4 Bxg4
17.hxg6 h5 18.Qd3 Ne7 19.Nh4 Rg8 20.f3 Bd7 21.Kf2 O-O-O 22.Nf5 Rxg6 23.Rxh5 Re8
24.b3 Rg8 25.a4 Ng6 26.Nb5 Bxf5 27.exf5 e4 28.fxe4 Ne5 29.Qc3 Ng4+ 30.Kf3 Ne5+
31.Kg2 Nd7 32.Rh4 Qd8 33.Qxa5 Qe7  1-0

[Event "Lev Polugaevsky Mem"]
[Site "Samara RUS"]
[Date "2011.07.06"]
[Round "2"]
[White "Iskusnyh,S"]
[Black "Kondenko,A"]
[Result "1-0"]
[WhiteElo "2455"]
[BlackElo "2237"]

1.d4 Nf6 2.c4 Nc6 3.Nf3 d6 4.Nc3 g6 5.g3 Bg7 6.Bg2 O-O 7.O-O a6 8.Qd3 Bd7
9.e4 e5 10.d5 Nb4 11.Qd1 a5 12.Ne1 c6 13.dxc6 Bxc6 14.Be3 h5 15.f3 Nh7 16.Nd3 f5
17.Nxb4 axb4 18.Nd5 fxe4 19.fxe4 Rxf1+ 20.Qxf1 Bxd5 21.cxd5 Qa5 22.Qc4 Bf6
23.Kh1 Bg5 24.Bf2 Nf6 25.h3 h4 26.gxh4 Bf4 27.Bf3 Qa4 28.Rg1 Kh7 29.h5 g5
30.Bg4 Kh6 31.Bf5 Qe8 32.Qxb4 Rxa2 33.Qxd6 Qf7 34.Bg6 Qg7 35.Qb6 Ra6 36.Qb3 Nxh5
37.Bxh5 Kxh5 38.Qf3+ Kh6 39.Rd1 Qg6 40.Bc5 Rf6 41.Be7 Rf7 42.d6 g4 43.Qxg4 Qxe4+
44.Qg2  1-0

[Event "TCh-TUR 2011"]
[Site "Konya TUR"]
[Date "2011.07.07"]
[Round "11"]
[White "Topak,E"]
[Black "Yurtseven,M"]
[Result "1/2-1/2"]
[WhiteElo "2306"]
[BlackElo "2050"]

1.d4 Nf6 2.c4 Nc6 3.Nc3 e5 4.d5 Ne7 5.e4 Ng6 6.Be3 Bb4 7.f3 Bxc3+ 8.bxc3 d6
9.g3 b6 10.Qd2 O-O 11.Nh3 Nd7 12.Nf2 Nc5 13.h4 f5 14.h5 Ne7 15.h6 g6 16.Be2 Kh8
17.Bg5 Qe8 18.O-O Ng8 19.Qe3 Nf6 20.exf5 gxf5 21.f4 Nfe4 22.Nxe4 Nxe4 23.Bh4 Bd7
24.Bd3 Nc5 25.Rae1 Nxd3 26.Qxd3 Kg8 27.fxe5 dxe5 28.Qe3 e4 29.Bg5 Qg6 30.Bf4 Rac8
31.Rf2 Qf6 32.c5 c6 33.d6 b5 34.a3 Kf7 35.Bg5 Qe5 36.Bf4 Qf6 37.Rh2 Rg8 38.Rf2 Rce8
39.Rd1 Kf8 40.a4 a6 41.axb5 axb5 42.Ra1 Kf7 43.Ra7 Qe6 44.Qd4 Rd8 45.Rh2  1/2-1/2

[Event "Pinnacle 48th COCC"]
[Site "Toronto CAN"]
[Date "2011.07.11"]
[Round "3"]
[White "Hambleton,A"]
[Black "Perelshteyn,E"]
[Result "0-1"]
[WhiteElo "2206"]
[BlackElo "2534"]

1.d4 Nf6 2.c4 Nc6 3.Nf3 e6 4.g3 Bb4+ 5.Bd2 Qe7 6.Bg2 Bxd2+ 7.Nbxd2 O-O 8.O-O d6
9.e4 e5 10.d5 Nb8 11.Ne1 a5 12.Nd3 Na6 13.b3 Bd7 14.a3 c6 15.Rc1 Rfc8 16.Re1 Qd8
17.dxc6 Bxc6 18.b4 axb4 19.axb4 b5 20.c5 dxc5 21.Nxe5 Bb7 22.bxc5 Nxc5 23.Rb1 Ra2
24.Ndf3 Qxd1 25.Rexd1 Nfxe4 26.Rdc1 f6 27.Ng4 h5 28.Ne3 Nxf2 29.Nf5 Rc7 30.Rxb5 Nfd3
31.Rd1 Be4 32.Nd6 Bc6 33.Rb8+ Kh7 34.Rb6 Ba8 35.Rb8 Rca7 36.Nc8 Rxg2+ 37.Kxg2 Ra2+
38.Kg1 Bxf3 39.Rdb1 Rg2+ 40.Kf1 Rxh2  0-1

[Event "3rd International Open"]
[Site "Rethymno GRE"]
[Date "2011.07.13"]
[Round "4"]
[White "Prohaszka,P2"]
[Black "Vafiadis,K"]
[Result "1-0"]
[WhiteElo "2547"]
[BlackElo "2301"]

1.d4 Nf6 2.c4 Nc6 3.Nc3 e5 4.d5 Ne7 5.Nf3 Ng6 6.h4 e4 7.Ng5 Bb4 8.h5 Ne5
9.Qd4 d6 10.Nxe4 Nxe4 11.Qxe4 O-O 12.Bd2 Re8 13.e3 Bg4 14.Qf4 c6 15.a3 Bc5
16.Ne4 cxd5 17.cxd5 Bb6 18.Bc3 h6 19.Bxe5 Rxe5 20.Qxg4 f5 21.Qg6 fxe4 22.Be2 Qe7
23.Bg4 Rf8 24.Be6+ Kh8 25.Rc1 Ba5+ 26.b4 Bb6 27.Rh3 Rf6 28.Rc8+ Bd8 29.Qg4 Rf8
30.f4 exf3 31.Rxf3 Qh4+ 32.Kd2 Qe7 33.Rxf8+ Qxf8 34.Qf4  1-0

[Event "Oberwart Open"]
[Site "Oberwart AUT"]
[Date "2011.07.15"]
[Round "7"]
[White "Huber,Mart AUT"]
[Black "Sadilek,P"]
[Result "1-0"]
[WhiteElo "2096"]
[BlackElo "2233"]

1.d4 Nf6 2.c4 Nc6 3.Nf3 e6 4.a3 d5 5.Nc3 a6 6.cxd5 exd5 7.Bg5 Be7 8.e3 O-O
9.Bd3 h6 10.Bh4 b6 11.Qc2 Bb7 12.O-O Re8 13.Rac1 Na5 14.b4 Nc4 15.Nxd5 Nxd5
16.Bxe7 Nxa3 17.Bh7+ Kh8 18.Bxd8 Nxc2 19.Bxc2 Raxd8 20.Rb1 Nc3 21.Ra1 Ra8
22.Bd3 Nd5 23.Rab1 Kg8 24.Rfc1 Re7 25.Ne5 Kf8 26.Rb2 Ke8 27.h3 f6 28.Ng6 Rd7
29.Bf5 Rd6 30.e4 a5 31.exd5 Kd8 32.Nf4  1-0

[Event "15th Battle of Senta Open"]
[Site "Senta SRB"]
[Date "2011.07.18"]
[Round "4.9"]
[White "Kumic,F"]
[Black "Amstadt,A"]
[Result "1-0"]
[WhiteElo "2088"]
[BlackElo "2281"]

1.d4 Nf6 2.c4 Nc6 3.Nf3 e6 4.Nc3 Bb4 5.Qc2 O-O 6.g3 d5 7.a3 Bxc3+ 8.Qxc3 dxc4
9.Qxc4 Qd5 10.Qxd5 Nxd5 11.Bg2 a5 12.Bd2 Bd7 13.Rc1 f6 14.O-O Rfc8 15.e4 Nb6
16.Rfd1 Ne7 17.Bf4 c6 18.Be3 Re8 19.d5 Nbc8 20.Bh3 Kf7 21.Rc5 Ra6 22.Nd4 cxd5
23.exd5 f5 24.dxe6+ Bxe6 25.Nxe6 Kxe6 26.Bf1 Rd6 27.Re1 Kf6 28.Rxa5 Nc6 29.Rb5 Re7
30.h4 h6 31.Rc1 Red7 32.Bg2 Rd1+ 33.Rxd1 Rxd1+ 34.Kh2 Nd6 35.Bxc6 Nxb5 36.Bxb5 g5
37.hxg5+ hxg5 38.a4 Rd5 39.Bc4 Rd1 40.a5 f4 41.gxf4 gxf4 42.Bc5 Ke5 43.Kg2 Ke4
44.Be2 Rd7 45.Bf3+ Kd3 46.b4 Rg7+ 47.Kf1 Kc4 48.Be2+ Kd5 49.Bb6 Rf7 50.f3 Rh7
51.b5 Rh1+ 52.Bg1 Rh8 53.a6 bxa6 54.bxa6 Rc8 55.a7 Rc1+ 56.Kg2 Ra1 57.Bd3 Ra2+
58.Bf2  1-0

[Event "Open NK"]
[Site "Dieren NED"]
[Date "2011.07.20"]
[Round "2"]
[White "Turov, Maxim"]
[Black "Arnaudov, Petar"]
[Result "1-0"]
[WhiteElo "2630"]
[BlackElo "2439"]

1.d4 Nf6 2.c4 Nc6 3.Nc3 e5 4.d5 Ne7 5.h4 Neg8 6.e3 h5 7.Nf3 Ng4 8.Ng5 Be7
9.f3 N4h6 10.Qc2 Bxg5 11.hxg5 Qxg5 12.Nb5 Kd8 13.d6 c6 14.Nc7 Rb8 15.e4 Qg3+
16.Qf2 Qxf2+ 17.Kxf2 g6 18.b4 b6 19.c5 Rb7 20.Be3 bxc5 21.bxc5 Rxc7 22.dxc7+ Kxc7
23.Rd1 f5 24.Rd6 fxe4 25.Rxg6 exf3 26.Rxh5 fxg2 27.Kxg2 Ng4 28.Rxg4 Rxh5
29.Rxg8 Rh4 30.Bg5 Ra4 31.Kf3 Rxa2 32.Bf6 Ra3+ 33.Ke4 Ra4+ 34.Kxe5 Ra1 35.Bd3 Rd1
36.Bd8+ Kb8 37.Rg3 Bb7 38.Ba5 Bc8 39.Bc4 Rb1 40.Kd6 Kb7 41.Ke7 Rc1 42.Rb3+ Ka8
43.Kd8  1-0

[Event "XXIX Andorra Open"]
[Site "Arinsal AND"]
[Date "2011.07.21"]
[Round "6.16"]
[White "Kogan,P"]
[Black "Moussard,J"]
[Result "1/2-1/2"]
[WhiteElo "2221"]
[BlackElo "2426"]

1.d4 Nf6 2.c4 Nc6 3.Nc3 e5 4.d5 Ne7 5.Nf3 Ng6 6.g3 a6 7.Bg2 Bc5 8.O-O h6
9.Rb1 Qe7 10.Nd2 d6 11.b4 Ba7 12.Nb3 O-O 13.Qd3 Re8 14.e4 Rf8 15.Nd1 Bd7
16.Be3 Bxe3 17.Nxe3 Rfb8 18.Nf5 Bxf5 19.exf5 e4 20.Qd4 Ne5 21.Nd2 b5 22.c5 a5
23.a3 axb4 24.axb4 dxc5 25.bxc5 Ra4 26.Qxa4 bxa4 27.Rxb8+ Kh7 28.d6 cxd6
29.Nxe4 dxc5 30.Rb7 Qd8 31.Nxc5 a3 32.Nb3 Qd3 33.Nc1 Qc2 34.Nb3 Nc4 35.Rc1 Qd3
36.Bf1 Qf3 37.Bg2 Qxf5 38.Bf1 Qd5 39.Bg2 Qd3 40.Bf1 Qe4  1/2-1/2

[Event "4th Paleohora Open"]
[Site "Paleochora GRE"]
[Date "2011.07.21"]
[Round "2"]
[White "Rychagov,A"]
[Black "Spirou,P"]
[Result "1/2-1/2"]
[WhiteElo "2560"]
[BlackElo "2173"]

1.d4 Nf6 2.c4 Nc6 3.Nf3 e6 4.a3 d6 5.Nc3 g6 6.e4 Bg7 7.Be2 O-O 8.O-O Re8
9.d5 Ne7 10.Bf4 exd5 11.cxd5 c6 12.dxc6 Nxc6 13.Bc4 Be6 14.Bxe6 Rxe6 15.Re1 h6
16.Qd2 Kh7 17.Rad1 Qe8 18.Qc2 Rd8 19.h3 Qe7 20.Bg3 Re8 21.Bh4 Qd7 22.Re3 a6
23.Bg3 Qe7 24.Rde1 Qd7 25.Bh4 b5 26.Rc1 Rc8 27.Bxf6 Bxf6 28.Nd5 Ne7 29.Nxf6+ Rxf6
30.Rc3 Rxc3 31.Qxc3 Re6 32.Qd4 Qb7 33.Nd2 d5 34.e5 Rc6 35.Re1 Qc7 36.Qf4 Nf5
37.Nf3 Rc4 38.Qd2 Qc5 39.b4 Qc6 40.Rd1 d4 41.Qf4 d3 42.Qd2 Nd4 43.Qxd3 Nxf3+
44.Qxf3  1/2-1/2